Alle kernen van Zeeland - Statistics

General Stats
  • This quiz has been taken 4 times
  • The average score is 67 of 127
Answer Stats
Gemeente Bevolking Kern % Correct
1280px-Veere_vlag.svg.png Veere 2585 Vlag_Westkapelle_%28Nederland%29.gif Westkapelle
100%
1280px-Middelburg_vlag.svg.png Middelburg 43.530 1280px-Middelburg_vlag.svg.png Middelburg
100%
1280px-Noord-Beveland_vlag.svg.png Noord-Beveland 2230 960px-Kamperland_wapen.svg.png Kamperland
100%
1280px-Noord-Beveland_vlag.svg.png Noord-Beveland 1245 1280px-Wissenkerke_vlag.svg.png Wissenkerke
100%
1280px-Schouwen-Duiveland_vlag.svg.png Schouwen-Duiveland 1500 960px-Renesse_wapen.svg.png Renesse
100%
1280px-Veere_vlag.svg.png Veere 1760 1280px-Domburg_vlag.svg.png Domburg
100%
1280px-Terneuzen_vlag.svg.png Terneuzen 26.495 960px-Terneuzen_vlag_1964.svg.png Terneuzen
100%
1280px-Hulst_vlag.svg.png Hulst 10.880 1280px-Hulst_vlag.svg.png Hulst
100%
1280px-Noord-Beveland_vlag.svg.png Noord-Beveland 2150 1280px-Flag_of_Kortgene.svg.png Kortgene
100%
1280px-Veere_vlag.svg.png Veere 1625 960px-Zoutelande_wapen.svg.png Zoutelande
100%
1280px-Flag_of_Reimerswaal.svg.png Reimerswaal 7165 1920px-Vlag_van_Yerseke.svg.png Yerseke
100%
1280px-Flag_of_Reimerswaal.svg.png Reimerswaal 4895 1280px-Flag_of_Kruiningen.svg.png Kruiningen
100%
1280px-Sluis_vlag.svg.png Sluis 395 1280px-Nieuwvliet_vlag.svg.png Nieuwvliet
100%
1280px-Vlissingen_vlag.svg.png Vlissingen 34.920 1280px-Vlissingen_vlag.svg.png Vlissingen
100%
1280px-Terneuzen_vlag.svg.png Terneuzen 7905 1280px-Axel_vlag.svg.png Axel
100%
1280px-Middelburg_vlag.svg.png Middelburg 5250 1280px-Arnemuiden_vlag.svg.png Arnemuiden
100%
1280px-Flag_of_Kapelle.svg.png Kapelle 9460 960px-Kapelle_wapen_1818.svg.png Kapelle
100%
1280px-Sluis_vlag.svg.png Sluis 250 1280px-Retranchement_vlag.svg.png Retranchement
100%
1280px-Flag_of_Goes.svg.png Goes 1831 1920px-%27s-Heer_Arendskerke_dorpsvlag.svg.png 's-Heer Arendskerke
100%
1280px-Flag_of_Goes.svg.png Goes 3315 960px-Kloetinge_vlag.svg.png Kloetinge
100%
1280px-Flag_of_Kapelle.svg.png Kapelle 30 960px-Kloetinge_vlag.svg.png Kloetinge
100%
1280px-Flag_of_Goes.svg.png Goes 770 1280px-Vlag_ontbreekt.svg.png Wilhelminadorp
100%
1280px-Noord-Beveland_vlag.svg.png Noord-Beveland 1595 960px-Colijnsplaat_wapen.svg.png Colijnsplaat
100%
1280px-Veere_vlag.svg.png Veere 2235 1280px-Flag_of_Oostkapelle.svg.png Oostkapelle
100%
1280px-Flag_of_Goes.svg.png Goes 29.810 1280px-Flag_of_Goes.svg.png Goes
100%
1280px-Flag_of_Tholen.svg.png Tholen 8500 1280px-Flag_of_Tholen.svg.png Tholen
100%
1280px-Sluis_vlag.svg.png Sluis 2400 1280px-Sluis_vlag_tot_1997.svg.png Sluis
100%
1280px-Flag_of_Borsele.svg.png Borsele 1470 1280px-Flag_of_Borssele.svg.png Borssele
100%
1280px-Flag_of_Goes.svg.png Goes 2345 1280px-Wolphaartsdijk_vlag.svg.png Wolphaartsdijk
100%
1280px-Sluis_vlag.svg.png Sluis 4700 1280px-Flag_of_Oostburg.svg.png Oostburg
100%
1280px-Terneuzen_vlag.svg.png Terneuzen 2040 1280px-Philippine_vlag.svg.png Philippine
100%
1280px-Noord-Beveland_vlag.svg.png Noord-Beveland 455 960px-Kats_wapen.svg.png Kats
100%
1280px-Schouwen-Duiveland_vlag.svg.png Schouwen-Duiveland 11.950 1280px-Flag_of_Zierikzee.svg.png Zierikzee
100%
1280px-Vlissingen_vlag.svg.png Vlissingen 10.280 960px-Oost_Souburg_wapen.svg.png Oost-Souburg
100%
1280px-Flag_of_Reimerswaal.svg.png Reimerswaal 3030 1280px-Vlag_Rilland.svg.png Rilland
100%
1280px-Veere_vlag.svg.png Veere 1635 960px-Coat_of_arms_of_Veere.svg.png Veere
100%
1280px-Sluis_vlag.svg.png Sluis 4610 1280px-Flag_of_Breskens.svg.png Breskens
100%
1280px-Sluis_vlag.svg.png Sluis 695 1280px-Cadzand_vlag.svg.png Cadzand
100%
1280px-Schouwen-Duiveland_vlag.svg.png Schouwen-Duiveland 270 Serooskerke_vlag.gif Serooskerke
50%
1280px-Veere_vlag.svg.png Veere 1820 Serooskerke_vlag.gif Serooskerke
50%
1280px-Flag_of_Tholen.svg.png Tholen 1710 Flag_of_Stavenisse.gif Stavenisse
50%
1280px-Flag_of_Tholen.svg.png Tholen 2675 Flagge_fan_de_eardere_Gemeente_Sint-Filipsl%C3%A2n.PNG Sint Philipsland
50%
1280px-Flag_of_Borsele.svg.png Borsele 575 1280px-Baarland_vlag.svg.png Baarland
50%
1280px-Flag_of_Borsele.svg.png Borsele 5590 1280px-Heinkenszand_vlag.svg.png Heinkenszand
50%
1280px-Schouwen-Duiveland_vlag.svg.png Schouwen-Duiveland 955 1280px-Flag_of_Dreischor.svg.png Dreischor
50%
1280px-Flag_of_Goes.svg.png Goes 1200 960px-%27s-Heer_Hendrikskinderen_wapen.svg.png 's-Heer Hendrikskinderen
50%
1280px-Terneuzen_vlag.svg.png Terneuzen 895 1280px-Zuiddorpe_vlag.svg.png Zuiddorpe
50%
1280px-Veere_vlag.svg.png Veere 870 1280px-Biggekerke_vlag.svg.png Biggekerke
50%
1280px-Flag_of_Reimerswaal.svg.png Reimerswaal 1730 960px-Hansweert_wapen.svg.png Hansweert
50%
1280px-Schouwen-Duiveland_vlag.svg.png Schouwen-Duiveland 1295 1280px-Scharendijke_vlag.svg.png Scharendijke
50%
1280px-Flag_of_Reimerswaal.svg.png Reimerswaal 4460 1280px-Krabbendijke_vlag.svg.png Krabbendijke
50%
1280px-Schouwen-Duiveland_vlag.svg.png Schouwen-Duiveland 4190 960px-Burgh_vlag_1938.svg.png Burgh-Haamstede
50%
1280px-Flag_of_Tholen.svg.png Tholen 2735 1280px-Oud-Vossemeer_vlag.svg.png Oud-Vossemeer
50%
1280px-Veere_vlag.svg.png Veere 1470 1280px-Meliskerke_vlag.svg.png Meliskerke
50%
1280px-Hulst_vlag.svg.png Hulst 285 1280px-Ossenisse_vlag.svg.png Ossenisse
50%
1280px-Sluis_vlag.svg.png Sluis 2275 1280px-Aardenburg_vlag.svg.png Aardenburg
50%
1280px-Schouwen-Duiveland_vlag.svg.png Schouwen-Duiveland 590 1280px-Ouwerkerk_vlag.svg.png Ouwerkerk
50%
1280px-Terneuzen_vlag.svg.png Terneuzen 1960 1280px-Westdorpe_vlag.svg.png Westdorpe
50%
1280px-Terneuzen_vlag.svg.png Terneuzen 3955 1280px-Sas_van_Gent_vlag.svg.png Sas van Gent
50%
1280px-Veere_vlag.svg.png Veere 1050 960px-Vrouwenpolder_wapen.svg.png Vrouwenpolder
50%
1280px-Sluis_vlag.svg.png Sluis 702 1280px-Hoofdplaat_vlag.svg.png Hoofdplaat
50%
1280px-Terneuzen_vlag.svg.png Terneuzen 2800 1280px-Hoek_vlag.svg.png Hoek
50%
1280px-Middelburg_vlag.svg.png Middelburg 1375 960px-Nieuw-_en_Sint_Joosland_vlag_1938.svg.png Nieuw- en Sint Joosland
50%
1280px-Flag_of_Borsele.svg.png Borsele 4635 1280px-Flag_of_Gravenpolder.svg.png 's-Gravenpolder
50%
1280px-Flag_of_Borsele.svg.png Borsele 2025 1280px-Flag_of_%27s-Heerenhoek.svg.png 's-Heerenhoek
50%
1280px-Flag_of_Tholen.svg.png Tholen 1795 960px-Poortvliet_vlag.svg.png Poortvliet
50%
1280px-Flag_of_Tholen.svg.png Tholen 3595 1280px-Sint-Maartensdijk_vlag.svg.png Sint-Maartensdijk
50%
1280px-Hulst_vlag.svg.png Hulst 3170 1280px-Flag_of_Sint_Jansteen.svg.png Sint Jansteen
50%
1280px-Noord-Beveland_vlag.svg.png Noord-Beveland 370 960px-Geersdijk_wapen.svg.png Geersdijk
50%
1280px-Hulst_vlag.svg.png Hulst 3200 1280px-Vlag_ontbreekt.svg.png Kloosterzande
50%
1280px-Flag_of_Borsele.svg.png Borsele 1835 1280px-Vlag_ontbreekt.svg.png Lewedorp
50%
1280px-Flag_of_Borsele.svg.png Borsele 1365 1280px-Vlag_ontbreekt.svg.png Nieuwdorp
50%
1280px-Hulst_vlag.svg.png Hulst 975 1280px-Vlag_ontbreekt.svg.png Nieuw-Namen
50%
1280px-Flag_of_Reimerswaal.svg.png Reimerswaal 610 1280px-Vlag_ontbreekt.svg.png Oostdijk
50%
1280px-Terneuzen_vlag.svg.png Terneuzen 2245 1280px-Vlag_ontbreekt.svg.png Sluiskil
50%
1280px-Terneuzen_vlag.svg.png Terneuzen 185 1280px-Vlag_ontbreekt.svg.png Spui
50%
1280px-Sluis_vlag.svg.png Sluis 309 1280px-Sint_Kruis_vlag.svg.png Sint Kruis
50%
1280px-Flag_of_Kapelle.svg.png Kapelle 3070 1280px-Flag_of_Wemeldinge.svg.png Wemeldinge
50%
1280px-Hulst_vlag.svg.png Hulst 920 1280px-Graauw_en_Langendam_vlag.svg.png Graauw
50%
1280px-Terneuzen_vlag.svg.png Terneuzen 2710 1280px-Flag_of_Zaamslag.svg.png Zaamslag
50%
1280px-Veere_vlag.svg.png Veere 1415 960px-Grijpskerke_wapen.svg.png Grijpskerke
50%
1280px-Schouwen-Duiveland_vlag.svg.png Schouwen-Duiveland 750 960px-Zonnemaire_wapen.svg.png Zonnemaire
50%
1280px-Schouwen-Duiveland_vlag.svg.png Schouwen-Duiveland 1270 1280px-Brouwershaven_vlag.svg.png Brouwershaven
50%
1280px-Flag_of_Tholen.svg.png Tholen 4090 1280px-Sint_Annaland_vlag.svg.png Sint-Annaland
50%
1280px-Sluis_vlag.svg.png Sluis 191 1280px-Flag_of_Biervliet.svg.png Biervliet
50%
1280px-Terneuzen_vlag.svg.png Terneuzen 1595 1280px-Flag_of_Biervliet.svg.png Biervliet
50%
1280px-Schouwen-Duiveland_vlag.svg.png Schouwen-Duiveland 2755 1280px-Flag_of_Nieuwerkerk%2C_Netherlands.svg.png Nieuwerkerk
50%
1280px-Veere_vlag.svg.png Veere 1505 960px-Aagtekerke_wapen.svg.png Aagtekerke
50%
1280px-Sluis_vlag.svg.png Sluis 506 1280px-Flag_of_Waterlandkerkje.svg.png Waterlandkerkje
50%
1280px-Hulst_vlag.svg.png Hulst 2325 1280px-Clinge_vlag.svg.png Clinge
50%
1280px-Flag_of_Tholen.svg.png Tholen 1850 1280px-Flag_of_Scherpenisse.svg.png Scherpenisse
50%
1280px-Hulst_vlag.svg.png Hulst 680 1280px-Hengstdijk_vlag.svg.png Hengstdijk
50%
1280px-Sluis_vlag.svg.png Sluis 894 1280px-Groede_vlag.svg.png Groede
50%
1280px-Terneuzen_vlag.svg.png Terneuzen 2615 1280px-Koewacht_vlag.svg.png Koewacht
50%
1280px-Vlissingen_vlag.svg.png Vlissingen 560 960px-Rithem_vlag.svg.png Ritthem
50%
1280px-Hulst_vlag.svg.png Hulst 460 Vlag_Terhole.jpg Terhole
0%
1280px-Flag_of_Borsele.svg.png Borsele 735 Vlag_Hoedekenskerke.jpg Hoedekenskerke
0%
1280px-Schouwen-Duiveland_vlag.svg.png Schouwen-Duiveland 320 Sirjansland_vlag.gif Sirjansland
0%
1280px-Flag_of_Borsele.svg.png Borsele 515 120px-Flag_of_%27s-Heer_Abtskerke.svg.png 's-Heer Abtskerke
0%
1280px-Terneuzen_vlag.svg.png Terneuzen 260 1280px-Overslag_vlag.svg.png Overslag
0%
1280px-Flag_of_Borsele.svg.png Borsele 1215 1280px-Ovezande_vlag.svg.png Ovezande
0%
1280px-Flag_of_Borsele.svg.png Borsele 575 1280px-Flag_of_Nisse.svg.png Nisse
0%
1280px-Flag_of_Borsele.svg.png Borsele 390 1280px-Ellewoutsdijk_vlag.svg.png Ellewoutsdijk
0%
1280px-Hulst_vlag.svg.png Hulst 1790 1280px-Vogelwaarde_vlag.svg.png Vogelwaarde
0%
1280px-Flag_of_Borsele.svg.png Borsele 660 1280px-Flag_of_Oudelande.svg.png Oudelande
0%
1280px-Schouwen-Duiveland_vlag.svg.png Schouwen-Duiveland 2355 960px-Oosterland_wapen.svg.png Oosterland
0%
1280px-Flag_of_Kapelle.svg.png Kapelle 485 960px-Schore_wapen.svg.png Schore
0%
1280px-Flag_of_Reimerswaal.svg.png Reimerswaal 1445 1280px-Waarde_vlag.svg.png Waarde
0%
1280px-Schouwen-Duiveland_vlag.svg.png Schouwen-Duiveland 985 960px-Kerkwerve_wapen_1950.svg.png Kerkwerve
0%
1280px-Flag_of_Goes.svg.png Goes 572 960px-Kattendijke_wapen.svg.png Kattendijke
0%
1280px-Hulst_vlag.svg.png Hulst 1205 1280px-Vlag_ontbreekt.svg.png Heikant
0%
1280px-Hulst_vlag.svg.png Hulst 360 1280px-Vlag_ontbreekt.svg.png Kapellebrug
0%
1280px-Hulst_vlag.svg.png Hulst 245 1280px-Vlag_ontbreekt.svg.png Kuitaart
0%
1280px-Hulst_vlag.svg.png Hulst 565 1280px-Vlag_ontbreekt.svg.png Lamswaarde
0%
1280px-Hulst_vlag.svg.png Hulst 330 1280px-Vlag_ontbreekt.svg.png Walsoorden
0%
1280px-Sluis_vlag.svg.png Sluis 1460 1280px-Schoondijke_vlag.svg.png Schoondijke
0%
1280px-Schouwen-Duiveland_vlag.svg.png Schouwen-Duiveland 313 960px-Noordwelle_wapen.svg.png Noordwelle
0%
1280px-Veere_vlag.svg.png Veere 515 960px-Gapinge_wapen_HRvA.svg.png Gapinge
0%
1280px-Veere_vlag.svg.png Veere 3450 1280px-Koudekerke_vlag.svg.png Koudekerke
0%
1280px-Sluis_vlag.svg.png Sluis 1001 1280px-Eede_vlag.svg.png Eede
0%
1280px-Flag_of_Borsele.svg.png Borsele 570 1280px-Driewegen_vlag.svg.png Driewegen
0%
1280px-Schouwen-Duiveland_vlag.svg.png Schouwen-Duiveland 760 960px-Noordgouwe_vlag_1938.svg.png Noordgouwe
0%
1280px-Flag_of_Borsele.svg.png Borsele 960 1280px-Vlag_van_Kwadendamme.svg.png Kwadendamme
0%
1280px-Sluis_vlag.svg.png Sluis 450 1280px-Zuidzande_vlag.svg.png Zuidzande
0%
1280px-Sluis_vlag.svg.png Sluis 2315 1280px-Flag_of_IJzendijke.svg.png IJzendijke
0%
1280px-Schouwen-Duiveland_vlag.svg.png Schouwen-Duiveland 3825 1280px-Bruinisse_vlag.svg.png Bruinisse
0%
1280px-Schouwen-Duiveland_vlag.svg.png Schouwen-Duiveland 355 960px-Ellemeet_wapen.svg.png Ellemeet
0%
No matching quizzes found
Score Distribution
Percent of People with Each Score
Percentile by Number Answered
Your Score History
You have not taken this quiz